| 000 | 00524nam a2200181Ia 4500 | ||
|---|---|---|---|
| 003 | GCL | ||
| 008 | 140319s9999 xx 000 0 eng d | ||
| 040 |
_aGCL / _cGCL |
||
| 082 | 0 | 4 |
_a891.7 _bK L |
| 100 | 1 | _aKAUFFMANN, C.M. | |
| 245 | 1 | 0 |
_aLA PENSEE SOCIALE FRANCAISE AU XVIII ET SU DEBUT DU XIX SIECLE / _cKAUFFMANN, C.M. |
| 700 | 1 | _aKAUTCHERENKO, G | |
| 260 |
_a[S.N] : _bEDITIONS DU PROGRES ، _c1989 |
||
| 300 | _a457 PP | ||
| 490 |
_aDES SIECLE ET DES HOMMES _v0 |
||
| 650 | 0 | 4 | _aRUSSIAN LITERATURE |
| 942 |
_2ddc _cBK |
||
| 999 |
_c19102 _d19102 |
||